Music Quiz

Random Music or Kpop Quiz

EXO Discography (K-pop) Quiz Stats

 Plays Quiz Updated Jan 6, 2020

Support Sporcle.
Go Orange.
Score 0/117 Timer 09:00
14 Plays Today
Album Song % Correct
MAMA [2012]MAMA
97.1%
Overdose [2014]중독 (Overdose) / 上瘾 (Overdose)
92.9%
Countdown [2018 - Japan]Love Me Right ~romantic universe~
91.7%
LOVE ME RIGHT [2015]Love Me Right
91.4%
LOTTO [2016]Lotto
91.4%
Love Shot [2018]Love Shot
90.1%
Don't Mess Up My Tempo [2018]Tempo
89.1%
EX`ACT [2016]Monster
88.6%
Miracles in December [2013]12월의 기적 (Miracles in December) / 十二月的奇迹 (Miracles in December)
88%
The War [2017]Ko Ko Bop
88%
XOXO (Repackaged) [2013]으르렁 (Growl) / 咆哮 (Growl)
87.8%
Obsession [2019]Obsession
87.1%
XOXO [2013]늑대와 미녀 (Wolf) / 狼与美女 (Wolf)
86.5%
Sing For You [2015]Sing For You
86.2%
EXODUS [2015]Call Me Baby
86.2%
The War: The Power of Music [2017]Power
86.1%
Universe [2017]Universe
85.9%
Universe [2017]Universe (CD ver.)
85.8%
Universe [2017]Universe (Chinese ver.)
85.8%
XOXO (Repackaged) [2013]XOXO (Kisses & Hugs)
85.6%
MAMA [2012]History
84.2%
XOXO (Repackaged) [2013]Lucky
84.2%
For Life [2016]For Life
81.8%
EXODUS [2015]Exodus
80.6%
EX`ACT [2016]Lucky One
79.6%
The War [2017]The Eve
78.1%
XOXO [2013]Baby
77%
MAMA [2012]What Is Love
71.6%
XOXO [2013]Peter Pan
71.5%
XOXO [2013]Baby Don't Cry (인어의 눈물) / Baby Don't Cry (人鱼的眼泪)
70.7%
EXODUS [2015]El Dorado
69.1%
XOXO [2013]3.6.5
67.9%
EXODUS [2015]Playboy
66%
XOXO [2013]Black Pearl
65.6%
EXODUS [2015]Transformer
64.4%
MAMA [2012]너의 세상으로 (Angel) / 你的世界 (Angel)
63.5%
XOXO [2013]나비소녀 (Don't Go) / 蝴蝶少女 (Don't Go)
63.2%
Sing For You [2015]LIGHTSABER
63.1%
EX`ACT [2016]Artificial Love
63.1%
Album Song % Correct
Overdose [2014]Thunder
62.1%
Countdown [2018 - Japan]Lightsaber
61.5%
MAMA [2012]두 개의 달이 뜨는 밤 (Two Moons) / 双月之夜 (Two Moons) (feat. Key of SHINee)
61%
MAMA [2012]Machine
60.8%
Sing For You [2015]불공평해 (Unfair) / 偏心 (Unfair)
60.6%
The War [2017]Diamond
60.1%
Overdose [2014]Run
59.5%
LOVE ME RIGHT [2015]약속 (EXO 2014) / 約定 (EXO 2014) / Promise
59.3%
XOXO [2013]My Lady
59%
Overdose [2014]월광 (Moonlight) / 月光 (Moonlight)
58.6%
Obsession [2019]Jekyll
58.5%
The War [2017]Forever
58.2%
EX`ACT [2016]Heaven
57.1%
Miracles in December [2013]첫 눈 (The First Snow) / 初雪 (The First Snow)
56.5%
XOXO [2013]Heart Attack
56.5%
Don't Mess Up My Tempo [2018]24/7
56.2%
Overdose [2014]Love, Love, Love
56.1%
EXODUS [2015]Hurt
55.9%
EXODUS [2015]유성우 (Lady Luck) / 流星雨 (Lady Luck)
55.9%
Don't Mess Up My Tempo [2018]Oasis
55.8%
Countdown [2018 - Japan]Electric Kiss
55.7%
The War: The Power of Music [2017]Sweet Lies
55.7%
XOXO [2013]Let Out The Beast
55.7%
Don't Mess Up My Tempo [2018]Gravity
55.6%
The War: The Power of Music [2017]Boomerang
55.4%
For Life [2016]Twenty Four
54.7%
EX`ACT [2016]Cloud 9
54.6%
Miracles in December [2013]Christmas Day
54.1%
Obsession [2019]Ya Ya Ya
53.4%
Don't Mess Up My Tempo [2018]Ooh La La La
53%
EXODUS [2015]Beautiful
52.3%
Don't Mess Up My Tempo [2018]Sign
52.1%
The War [2017]Chill
52%
The War [2017]Going Crazy
51.9%
Miracles in December [2013]The Star
51.7%
Universe [2017]Fall
51.7%
LOVE ME RIGHT [2015]Tender Love
51.5%
Universe [2017]Been Through
51.4%
The War [2017]Touch It
51.3%
Album Song % Correct
Miracles in December [2013]My Turn to Cry
51%
EXODUS [2015]My Answer
50.9%
EX`ACT [2016]백색소음 (White Noise)
50.8%
Obsession [2019]Butterfly Effect
50.6%
Don't Mess Up My Tempo [2018]Damage
50.6%
Obsession [2019]Groove
49.7%
Obsession [2019]Trouble
49.6%
Love Shot [2018]Wait
49.5%
The War [2017]What U Do?
49.5%
Love Shot [2018]Trauma
49%
EXODUS [2015]시선 둘, 시선 하나 (What If...) / 两个视线, 一个视线 (What If…)
48.5%
Sing For You [2015]Girl x Friend
48.4%
LOTTO [2016]꿈 (She's Dreaming)
47%
The War [2017]Walk on Memories
46.8%
Obsession [2019]Baby You Are
46.3%
Don't Mess Up My Tempo [2018]Smile On My Face
45.6%
EX`ACT [2016]Stronger
45.4%
EX`ACT [2016]유리어항 (One and Only)
43.3%
EX`ACT [2016]They Never Know
43.1%
LOVE ME RIGHT [2015]First Love
42.9%
LOTTO [2016]Can't Bring Me Down
42.8%
Universe [2017]Lights Out
42.7%
Don't Mess Up My Tempo [2018]Bad Dream
42.4%
Universe [2017]Stay
41.7%
Obsession [2019]Non Stop
40.2%
Countdown [2018 - Japan]Drop That
39.8%
Universe [2017]Good Night
39.8%
Sing For You [2015]발자국 (On the snow) / 脚印 (On the snow)
39.7%
Obsession [2019]Day After Day
38.9%
Countdown [2018 - Japan]Cosmic Railway
38.7%
Countdown [2018 - Japan]Coming Over
37.8%
Don't Mess Up My Tempo [2018]With You
36.1%
For Life [2016]Winter Heat
34.3%
Countdown [2018 - Japan]Run This
33.5%
For Life [2016]Falling for You
32.8%
For Life [2016]What I Want for Christmas
32.7%
Countdown [2018 - Japan]Tactix
30.3%
Countdown [2018 - Japan]Lovin' You Mo'
26.8%
Countdown [2018 - Japan]Into My World
23.6%

You're not logged in!

Compare scores with friends on all Sporcle quizzes.
OR
Log In

From the Vault

So '80s Movies

by EddieFelson

You might have to bring your VHS tapes up from the basement for this quiz.
Remove Ads.
Support Sporcle.
Get the best of Sporcle when you Go Orange. This ad-free experience offers more features, more stats, and more fun while also helping to support Sporcle. Thank you for becoming a member.

Show Comments

Extras

Top Quizzes Today


Score Distribution

Your Account Isn't Verified!

In order to create a playlist on Sporcle, you need to verify the email address you used during registration. Go to your Sporcle Settings to finish the process.

Report this User

Report this user for behavior that violates our Community Guidelines.

Details: